|
|
|
|
| LEADER |
02147nam a2200457 i 4500 |
| 001 |
EBC2056402 |
| 003 |
MiAaPQ |
| 005 |
20200909225244.0 |
| 006 |
m o d | |
| 007 |
cr cnu|||||||| |
| 008 |
150611t20152015gw a ob 001 0 ger d |
| 020 |
|
|
|z 9783110404647
|
| 020 |
|
|
|a 9783110404692 (e-book)
|
| 020 |
|
|
|z 9783110404739 (EPUB)
|
| 035 |
|
|
|a (MiAaPQ)EBC2056402
|
| 035 |
|
|
|a (Au-PeEL)EBL2056402
|
| 035 |
|
|
|a (CaPaEBR)ebr11059874
|
| 035 |
|
|
|a (CaONFJC)MIL808465
|
| 035 |
|
|
|a (OCoLC)910447357
|
| 040 |
|
|
|a MiAaPQ
|b eng
|e rda
|e pn
|c MiAaPQ
|d MiAaPQ
|
| 050 |
|
4 |
|a HM1211
|b .B747 2015
|
| 082 |
0 |
|
|a 303.482
|2 23
|
| 100 |
1 |
|
|a Bresselau von Bressensdorf, Agnes,
|e author.
|
| 245 |
1 |
0 |
|a Frieden durch kommunikation :
|b Das System Genscher und die entspannungspolitik im zweiten kalten Krieg 1979-1982/83 /
|c Agnes Bresselau von Bressensdorf.
|
| 264 |
|
1 |
|a Berlin, Germany ;
|a Boston, Massachusetts :
|b De Gruyter,
|c 2015.
|
| 264 |
|
4 |
|c 2015
|
| 300 |
|
|
|a 1 online resource (394 pages) :
|b illustrations.
|
| 336 |
|
|
|a text
|2 rdacontent
|
| 337 |
|
|
|a computer
|2 rdamedia
|
| 338 |
|
|
|a online resource
|2 rdacarrier
|
| 490 |
0 |
|
|a Studien zur Zeitgeschichte,
|x 2192-0761 ;
|v Band 88
|
| 504 |
|
|
|a Includes bibliographical references and index.
|
| 588 |
|
|
|a Description based on online resource; title from PDF title page (ebrary, viewed June 11, 2015).
|
| 590 |
|
|
|a Electronic reproduction. Ann Arbor, MI : ProQuest, 2016. Available via World Wide Web. Access may be limited to ProQuest affiliated libraries.
|
| 650 |
|
0 |
|a Intercultural communication.
|
| 650 |
|
0 |
|a Peace-building
|x International cooperation.
|
| 650 |
|
0 |
|a World politics
|y 1975-1985.
|
| 655 |
|
4 |
|a Electronic books.
|
| 776 |
0 |
8 |
|i Print version:
|a Bresselau von Bressensdorf, Agnes.
|t Frieden durch kommunikation : Das System Genscher und die entspannungspolitik im zweiten kalten Krieg 1979-1982/83.
|d Berlin, Germany ; Boston, Massachusetts : De Gruyter, c2015
|h vi, 385 pages
|k Studien zur Zeitgeschichte ; Band 88
|z 9783110404647
|
| 797 |
2 |
|
|a ProQuest (Firm)
|
| 856 |
4 |
0 |
|u https://ebookcentral.proquest.com/lib/matrademy/detail.action?docID=2056402
|z Click to View
|